Statistics for Best Selling Albums by Year

Click here to take the quiz!

General Stats

  • This quiz has been taken 67 times
  • The average score is 22 of 37

Answer Stats

YearAlbumArtist% Correct
1984ThrillerMichael Jackson
97%
1983ThrillerMichael Jackson
97%
1980The WallPink Floyd
92%
201121Adele
90%
201525Adele
90%
201221Adele
90%
1988FaithGeorge Michael
90%
1985Born in the U.S.A.Bruce Springsteen
85%
1997SpiceSpice Girl
85%
1986_______ _______Whitney Houston
85%
1993The BodyguardWhitney Houston
85%
2010RecoveryEminem
80%
2002The ______ ShowEminem
80%
1990_____ _______'s Rhythm Nation 1814Janet Jackson
80%
2009FearlessTaylor Swift
80%
20141989Taylor Swift
80%
1996Jagged Little PillAlanis Morissette
77%
2003Get Rich or Die Tryin'50 Cent
70%
1987Slippery When WetBon Jovi
70%
1994The Lion KingElton John
68%
2005The Emancipation of MimiMariah Carey
50%
1991______ _____Mariah Carey
50%
2001Hybrid TheoryLinkin Park
48%
2016ViewsDrake
47%
2008Tha Carter IIILil Wayne
40%
2004ConfessionsUsher
38%
2013The 20/20 ExperienceJustin Timberlake
37%
1999MillenniumBackstreet Boys
32%
2000No Strings AttachedNSYNC
28%
1981Hi InfidelityREO Speedwagon
27%
1995Cracked Rear ViewHootie and the Blowfish
25%
1998TitanicJames Horner
18%
1992Some Gave AllBilly Ray Cyrus
17%
1989Don't Be CruelBobby Brown
15%
2007NoëlJosh Groban
12%
1982____Asia
7%
2006____ ______ _______High School Musical Cast
5%

Score Distribution

Percentile by Number Answered

Percent of People with Each Score

Your Score History

You have not taken this quiz